000 00785nam a2200205Ia 4500
999 _c39683
_d39683
001 6286
003 GE_BSU
005 20191023153145.0
008 181216s1945||||g |||||||||||||| ||ge ||
040 _cGE_BSU
041 _ageo
080 _a821.353.1(092ბარათაშვილი) ბ-25
100 _aბარათაშვილი, ნიკოლოზ
_94936
245 _aთხზულებანი /
_cნიკოლოზ ბარათაშვილი ; რედ. გ. ლეონიძე.
264 _aთბილისი :
_bსახელგამი ;
_c1945.
300 _a118 გვ. ;
_c20 სმ.
653 _aთხზულებანი
700 _aლეონიძე, გ.
_eრედაქტორი
_94946
942 _cBK
_2udc